ბათუმის შოთა რუსთაველის სახელმწიფო უნივერსიტეტის ბიბლიოთეკა

ხილისა და ბოსტნეულის შენახვა-გადამუშავების სამრეწველო ტექნოლოგიის ზოგადი საფუძვლები (ბიბ.ჩანაწერი № 50814)

000 -LEADER
fixed length control field 01079nam a2200217Ia 4500
001 - CONTROL NUMBER
control field 17767
003 - CONTROL NUMBER IDENTIFIER
control field GE_BSU
008 - FIXED-LENGTH DATA ELEMENTS--GENERAL INFORMATION
fixed length control field 181216s||||||||xx |||||||||||||| ||und||
020 ## - INTERNATIONAL STANDARD BOOK NUMBER
International Standard Book Number 978941408960
040 ## - CATALOGING SOURCE
Transcribing agency GE_BSU
100 ## - MAIN ENTRY--PERSONAL NAME
Personal name ჯიქია, ლ. კინწურაშვილი, ქ.
245 ## - TITLE STATEMENT
Title ხილისა და ბოსტნეულის შენახვა-გადამუშავების სამრეწველო ტექნოლოგიის ზოგადი საფუძვლები
245 ## - TITLE STATEMENT
Remainder of title სახელმძღვანელო
260 ## - PUBLICATION, DISTRIBUTION, ETC.
Place of publication, distribution, etc. ქუთაისი
260 ## - PUBLICATION, DISTRIBUTION, ETC.
Name of publisher, distributor, etc. აკაკი წერეთლის სახ. უნ-ტი
260 ## - PUBLICATION, DISTRIBUTION, ETC.
Date of publication, distribution, etc. 2009
300 ## - PHYSICAL DESCRIPTION
Extent 484 გვ.21სმ.
300 ## - PHYSICAL DESCRIPTION
Accompanying material ბიბლ.გვ.476-477
653 ## - INDEX TERM--UNCONTROLLED
Uncontrolled term ხილისა და ბოსტნეულის შენახვა-გადამუშავების სამრეწველო ტექნოლოგიის ზოგადი საფუძვლები
942 ## - ADDED ENTRY ELEMENTS (KOHA)
Koha item type წიგნი
ეგზემპლარები
Withdrawn status Lost status Damaged status Not for loan Date acquired Barcode Date last seen Price effective from Koha item type
        2018-12-17 41607 2018-12-17 2018-12-17 წიგნი